00426nam a2200157Ia 450000500170000000800410001704000190005804100120007708200150008910000180010424500610012226000420018330000110022565000220023685000100025820260602121556.0131103s9999 xx 000 0 und d aLoreto College aEnglish a840.9bFAG aFaguet, Emile aDix-Septieme siecleb etudes literaires cEmile Faguet,  aParisbEditions contemporainesc[19?] a370p.  aFrench literature aLCLIB